02499nam a2200409Ia 4500003001000000005001700010007000300027008004100030020001500071040003500086041000800121082001700129100002900146245010000175250002200275264002700297300002500324336002700349337003300376338002800409490001600437505028800453520038500741534003801126650005501164650004001219650005501259650005001314700004601364942001201410999001501422952013201437952013001569952013001699952013001829952013001959CO-BoRNBP20230314142157.0ta121119s2003 ck gr 000 0 spa  a9587040104 aCO-BoRNBPbspaerdacCO-BoRNBP1 aspa04a338.91bS73m1 aStiglitz, Joseph E.923213aEl malestar en la globalización cJoseph E. Stiglitz ; traducción, Carlos Rodríguez Braun aPrimera edición aBogotábTaurusc2003 a314 páginasc24 cm atextobtxt2rdacontent asin mediaciónbn2rdamedia avolumenbnc2rdacarrier0 aPensamiento0 a1. La promesa de las instituciones globales -- 2. Promesas rotas 3. ¿Libertad de elegir? -- 4. La crisis del este asiático -- 5. ¿Quién perdió a Rusia? -- 6. Leyes comerciales injustas -- 7. Mejores caminos hacia el mercado -- 8. La otra agenda del FMI -- 9. Camino al futuro3 aEl proceso de globalización orientado por el FMI y las organizaciones internacionales ha causado un sufrimiento excesivo a los países en desarrollo. La fuerte reacción contra la globalización tiene sus raíces no sólo en los perjuicios ocasionados a estos países debido a las políticas ideológicas sino también en las desigualdades del sistema comercial mundial tGlobalization and its discontents14aIntegración económica internacional2LEMB923314aFinanzas internacionales2LEMB923414aGlobalización xAspectos económicos2LEMB923514aRegulación del comercio exterior2LEMB92361 aRodríguez Braun, Carlosetraductor9237 2ddccBK c9232d9232 00102ddc40708GENaMEGUAMALbMEGUAMALcGENd2023-03-14l0o338.9 S73mpGUA002245r2023-03-14 00:00:00tEj.1w2023-03-14yBK 00102ddc40708GENaMELEJANIbMELEJANIcGENd2023-06-26l0o338.9 S73mpLEJ00276r2023-06-26 00:00:00tEj.1w2023-06-26yBK 00102ddc40708GENaMEVHERMObMEVHERMOcGENd2023-07-21l0o338.9 S73mpVIS00311r2023-07-21 22:15:24tEj.1w2023-07-21yBK 00102ddc40708GENaMESGUARObMESGUAROcGENd2025-03-20l0o338.91 S73mpSG02772r2025-03-20 15:07:32tEj.1w2025-03-20yBK 00102ddc40708GENaMESMARTIbMESMARTIcGENd2025-06-25l0o338.91 S73mpSM04021r2025-06-25 12:14:10tEj.1w2025-06-25yBK